LEADER 01364nam 2200457 450 001 9910554858803321 005 20220302092546.0 010 $a1-119-60480-X 010 $a1-119-60481-8 010 $a1-119-60479-6 035 $a(MiAaPQ)EBC6845926 035 $a(Au-PeEL)EBL6845926 035 $a(CKB)20544373100041 035 $a(OCoLC)1292353011 035 $a(EXLCZ)9920544373100041 100 $a20220302d2022 uy 0 101 0 $aeng 135 $aurcnu|||||||| 181 $ctxt$2rdacontent 182 $cc$2rdamedia 183 $acr$2rdacarrier 200 00$aSimulation and wargaming /$fedited by Charles Turnitsa, Curtis Blais, Andreas Tolk 210 1$aHoboken, NJ :$cJohn Wiley & Sons, Inc.,$d2022. 215 $a1 online resource (466 pages) 311 08$aPrint version: Turnitsa, Charles Simulation and Wargaming Newark : John Wiley & Sons, Incorporated,c2022 9781119604785 606 $aWar games 606 $aSimulation methods 608 $aElectronic books. 615 0$aWar games. 615 0$aSimulation methods. 676 $a793.9 702 $aTurnitsa$b Charles 702 $aBlais$b Curtis 702 $aTolk$b Andreas 801 0$bMiAaPQ 801 1$bMiAaPQ 801 2$bMiAaPQ 906 $aBOOK 912 $a9910554858803321 996 $aSimulation and wargaming$92816908 997 $aUNINA LEADER 00934nam a22002291i 4500 001 991002877899707536 005 20040413124327.0 008 040624s1978 gw a||||||||||||||||ger 035 $ab12991594-39ule_inst 035 $aARCHE-094927$9ExL 040 $aDip.to Beni Culturali$bita$cA.t.i. Arché s.c.r.l. Pandora Sicilia s.r.l. 100 1 $aGöbl, Robert$0191105 245 10$aAntike Numismatik /$cRobert Gobl 260 $aMunchen :$bBattenberg,$c1978 300 $a2 v. :$bill. ;$c29 cm 907 $a.b12991594$b02-04-14$c12-07-04 912 $a991002877899707536 945 $aLE001 N I 60b$g1$i2001000081721$lle001$nV. 1. - C. 1$o-$pE0.00$q-$rl$s- $t0$u0$v0$w0$x0$y.i13596706$z12-07-04 945 $aLE001 N I 60a$g1$i2001000081738$lle001$nV. 2. - C. 1$o-$pE0.00$q-$rl$s- $t0$u0$v0$w0$x0$y.i13596718$z12-07-04 996 $aAntike Numismatik$9284630 997 $aUNISALENTO 998 $ale001$b12-07-04$cm$da $e-$fger$ggw $h0$i2